000 00772nas a2200241 4500
001 BR2013000150
003 BR-BrBNA
005 20231205121746.0
007 ta
008 230509b bl.|||p| |||| 00| 00por d
040 _aBR-BrBNA
_bpor
_cBiblioteca Nacional de Agricultura
041 _a(Pt)
072 _aP01
100 1 _aLeivas, F.W.T.
100 1 _aCarneiro, E.
245 1 _aUtilizando os hexápodes (Arthropoda, Hexapoda)como bioindicadores na biologia da conservação: avanços e perspectivas
650 _aINSETO
650 _aBIODIVERSIDADE
650 _aECOSSISTEMA
773 0 _tEstudos de Biologia (Brazil)
_xISSN 0102-2067
_g(Jul-Dec 2012), v. 34(83) p. 203-213
_wBR2013000150
909 _a202311
_bLúcia
_c55
_dLúcia Elande
942 _2AGRIS
_n0
_cANA
999 _c225095
_d225095